LEADER 01500nam 2200385Ia 450 001 996395976903316 005 20221108045603.0 035 $a(CKB)4940000000057612 035 $a(EEBO)2240956609 035 $a(OCoLC)12498181 035 $a(EXLCZ)994940000000057612 100 $a19850906d1697 uy | 101 0 $aeng 135 $aurbn||||a|bb| 200 10$aProposals for the encouragement and promoting of religion and learning in the foreign plantations$b[electronic resource] $eand to induce such of the clergy of this kingdom, as are persons of sobriety and abilities, to accept of a mission into those parts 210 $a[London $cs.n.$dca. 1695] 215 $a4 p 300 $aCaption title. 300 $aAttributed to Thomas Bray. Cf. NUC pre-1956. 300 $aWith 6 bishops' signatures, p. 2. 300 $aPlace and date of publication from Wing. 300 $a"The present state of the Protestant religion in Mary-land" (p. 3-4) is written by Thomas Lawrence. Cf. NUC pre-1956. 300 $aReproduction of original in Huntington Library. 330 $aeebo-0113 700 $aBray$b Thomas$f1658-1730.$01001340 701 2$aLawrence$b Thomas$cSir,$fb. ca. 1645.$01003947 801 0$bEAA 801 1$bEAA 801 2$bm/c 801 2$bUMI 801 2$bWaOLN 906 $aBOOK 912 $a996395976903316 996 $aProposals for the encouragement and promoting of religion and learning in the foreign plantations$92332031 997 $aUNISA LEADER 01728nam 2200397z- 450 001 9910346935603321 005 20210211 010 $a1000007531 035 $a(CKB)4920000000101166 035 $a(oapen)https://directory.doabooks.org/handle/20.500.12854/48241 035 $a(oapen)doab48241 035 $a(EXLCZ)994920000000101166 100 $a20202102d2008 u| 0 101 0 $aeng 135 $aurmn|---annan 181 $ctxt$2rdacontent 182 $cc$2rdamedia 183 $acr$2rdacarrier 200 00$aThe future role of renewable energy sources in European electricity supply : A model-based analysis for the EU-15 210 $cKIT Scientific Publishing$d2008 215 $a1 online resource (XVI, 249 p. p.) 311 08$a3-86644-215-7 330 $aAmbitious targets for the use of renewable electricity (RES-E) have been formulated by the EU Commission and the EU Member States. Taking into account technical, economic, and ecological framework conditions of the electricity market in a model-based approach, this book provides a comprehensive, quantitative assessment of the future penetration of renewable electricity in the European electricity market. 517 $afuture role of renewable energy sources in European electricity supply 606 $aPhysics$2bicssc 610 $aelectricity market 610 $aenergy system model 610 $aenewable energy 610 $aoptimisation 610 $aRES 615 7$aPhysics 700 $aRosen$b Johannes$4auth$01282497 906 $aBOOK 912 $a9910346935603321 996 $aThe future role of renewable energy sources in European electricity supply : A model-based analysis for the EU-15$93018828 997 $aUNINA